000 00292nam a2200109Ia 4500
008 180205s9999 xx 000 0 und d
020 _a9789710172443
100 _aReyes, Edgardo M.
245 _aMga uod at rosas /
260 _aQuezon City
_bC & E publishing
_c2010
300 _avii, 183 pages
999 _c354812
_d354812